| 000 | 00586nam a2200193Ia 4500 | ||
|---|---|---|---|
| 005 | 20250508160612.0 | ||
| 008 | 008 250505s9999 xx 000 0 eng d | ||
| 037 | _aTextual | ||
| 040 |
_aFEDL _beng _cFEDL |
||
| 041 |
_aeng _2eng |
||
| 084 |
_a371.42, ROE _qFEDL |
||
| 100 | _aRoeber Edward C. | ||
| 245 | 0 | _aStrategy for guidance: A point of view and its implications | |
| 260 |
_aLondon, UK _bCollier-Macmillan Limited _c1969 |
||
| 300 | _ax,293p. | ||
| 700 |
_a Walz Garry R. Smith Glenn E. _9768895 |
||
| 942 |
_cTEXL _h371.42, ROE |
||
| 999 |
_c1365566 _d1365566 |
||